Práctica de la clínica veterinaria / (Record no. 147319)
[ view plain ]
| 000 -LEADER | |
|---|---|
| campo de control de longitud fija | 00562nam a2200157 i 4500 |
| 001 - NÚMERO DE CONTROL | |
| campo de control | 147319 |
| 003 - IDENTIFICADOR DE NÚMERO DE CONTROL | |
| campo de control | ES-MaACL |
| 007 - CAMPO FIJO DE DESCRIPCIÓN FÍSICA--INFORMACIÓN GENERAL | |
| campo de control de longitud fija | t| |
| 008 - DATOS DE LONGITUD FIJA--INFORMACIÓN GENERAL | |
| campo de control de longitud fija | 070927s1946 sp ||||1| spa d |
| 100 1# - ENTRADA PRINCIPAL--NOMBRE DE PERSONA | |
| Nombre de persona | Udall, D. H. |
| 9 (RLIN) | 111860 |
| 245 10 - MENCIÓN DEL TÍTULO | |
| Título | Práctica de la clínica veterinaria / |
| Mención de responsabilidad, etc. | por D.H. Udall ; primera edición española, traducida de la tercera inglesa y anotada por C. Ramón Danés Casabosch. |
| 260 ## - PUBLICACIÓN, DISTRIBUCIÓN, ETC. | |
| Lugar de publicación, distribución, etc. | Barcelona : |
| Nombre del editor, distribuidor, etc. | Salvat, |
| Fecha de publicación, distribución, etc. | 1946. |
| 300 ## - DESCRIPCIÓN FÍSICA | |
| Extensión | XVII, 760 p. : |
| Otras características físicas | il. ; |
| Dimensiones | 24 cm. |
| 700 1# - ENTRADA AGREGADA--NOMBRE PERSONAL | |
| Nombre de persona | Danés Casabosch, Ramón. |
| 9 (RLIN) | 42612 |
| 852 ## - LOCALIZACIÓN | |
| Ubicación | ES-MaACL |
| Número de control de estantería | E-48 |
| Sublocalización o colección | R.22071 |
| Estatus retirado | Estado de pérdida | Estado de daño | No para préstamo | Biblioteca de origen | Biblioteca actual | Ubicación en estantería | Fecha de adquisición | Fuente de adquisición | Total de préstamos | Signatura topográfica completa | Código de barras | Visto por última vez | Precio de reemplazo | Tipo de ítem Koha |
|---|---|---|---|---|---|---|---|---|---|---|---|---|---|---|
| Biblioteca del Ateneo de Madrid | Biblioteca del Ateneo de Madrid | Depósito 2 | 17/01/2008 | E-48 | 1153738 | 23/02/2023 | 23/02/2023 | Libro impreso |
